Państwa śródlądowe, które graniczą ze sobą - Statystyki

Ogólne statystyki
  • Ten quiz został rozwiązany 53 razy
  • Średni wynik to 29 z 33
Statystyki odpowiedzi
Państwo % Poprawnych
Czechy
98%
Liechtenstein
98%
Słowacja
98%
Austria
96%
Szwajcaria
96%
Węgry
96%
Serbia
93%
Tadżykistan
93%
Uzbekistan
93%
Afganistan
91%
Czad
91%
Kazachstan
91%
Kirgistan
91%
Kosowo
91%
Botswana
89%
Burkina Faso
89%
Macedonia Północna
89%
Turkmenistan
89%
Mali
87%
Niger
87%
Republika Środkowoafrykańska
87%
Sudan Południowy
87%
Zambia
87%
Boliwia
82%
Etiopia
82%
Malawi
82%
Paragwaj
82%
Rwanda
82%
Zimbabwe
82%
Armenia
80%
Burundi
78%
Uganda
78%
Azerbejdżan
76%
Nie znaleziono quizów pasujących do podanych kryteriów
Rozkład punktacji
Procent ludzi z każdym wynikiem
Percentyl według liczby udzielonych odpowiedzi
Twoja historia wyników
Nie rozwiązałeś tego quizu